Kaise bhūlūm̐; (Record no. 86205)

MARC details
000 -LEADER
fixed length control field 00976cam a22002891 4500
001 - CONTROL NUMBER
control field sa 68015067
003 - CONTROL NUMBER IDENTIFIER
control field DLC
005 - DATE AND TIME OF LATEST TRANSACTION
control field 20260227112639.0
008 - FIXED-LENGTH DATA ELEMENTS--GENERAL INFORMATION
fixed length control field 850626s1968 ii 000 0dhinx
010 ## - LIBRARY OF CONGRESS CONTROL NUMBER
LC control number sa 68015067
020 ## - INTERNATIONAL STANDARD BOOK NUMBER
Terms of availability Rs4.00
025 ## - OVERSEAS ACQUISITION NUMBER
Overseas acquisition number PL480:I-H-6081
035 ## - SYSTEM CONTROL NUMBER
System control number (OCoLC)13893829
040 ## - CATALOGING SOURCE
Original cataloging agency DLC
Transcribing agency NN
Modifying agency DLC
042 ## - AUTHENTICATION CODE
Authentication code premarc
043 ## - GEOGRAPHIC AREA CODE
Geographic area code a-ii---
050 00 - LIBRARY OF CONGRESS CALL NUMBER
Classification number LA2383.I6
Item number B45
100 1# - MAIN ENTRY--PERSONAL NAME
Personal name Bhārilla, Jñāna,
Relator term comp.
245 10 - TITLE STATEMENT
Title Kaise bhūlūm̐;
Remainder of title Rājasthāna ke sr̥janaśīla śikshakoṃ kā saṃsmaraṇa-saṅgraha.
Statement of responsibility, etc. Sampādaka Jñāna Bhārilla, Candrakiśora Śarmā [tathā] Prema Saksenā.
250 ## - EDITION STATEMENT
Edition statement [1. saṃskaraṇa]
260 ## - PUBLICATION, DISTRIBUTION, ETC.
Place of publication, distribution, etc. Jayapura,
Name of publisher, distributor, etc. Śikshā Vibhāga Rājasthāna ke lie Apolo Pablikeśana
Date of publication, distribution, etc. [1968]
300 ## - PHYSICAL DESCRIPTION
Extent 123 p.
Dimensions 22 cm.
500 ## - GENERAL NOTE
General note In Hindi.
650 #0 - SUBJECT ADDED ENTRY--TOPICAL TERM
Topical term or geographic name entry element Teachers
Geographic subdivision India
-- Rajasthan
General subdivision Correspondence.
700 1# - ADDED ENTRY--PERSONAL NAME
Personal name Śarmā, Candrakiśora,
Relator term joint comp.
700 1# - ADDED ENTRY--PERSONAL NAME
Personal name Saksenā, Prema.
Relator term joint comp.

No items available.

Powered by Koha